Estados Brasileiros - DIFÍCIL - Statistics

Estatísticas Gerais
  • Esse quiz foi jogado 123 vezes
  • A pontuação média é 21 de 27
Estatísticas das Respostas
Hint Resposta % Correto
AC Acre
100%
BA Bahia
97%
AP Amapá
96%
AL Alagoas
94%
PA Pará
93%
CE Ceará
91%
AM Amazonas
90%
GO Goiás
88%
MG Minas Gerais
88%
ES Espírito Santo
83%
MT Mato Grosso
83%
DF Distrito Federal
81%
PB Paraíba
81%
PR Paraná
81%
RJ Rio de Janeiro
81%
MA Maranhão
80%
MS Mato Grosso do Sul
77%
PE Pernambuco
75%
RN Rio Grande do Norte
72%
RS Rio Grande do Sul
70%
PI Piauí
68%
SP São Paulo
61%
RO Rondônia
59%
RR Roraima
59%
SC Santa Catarina
55%
SE Sergipe
51%
TO Tocantins
43%
Nenhum quiz correspondente encontrado
Distribuição das Pontuações
Porcentagem de Pessoas com Cada Pontuação
Percentil de Números Respondidos
Sua Pontuação Histórica
Você não jogou esse quiz